| 000 | 00961nam a2200205 a 4500 | ||
|---|---|---|---|
| 008 | 120416s1981 ||||||||||||||||| || u | ||
| 020 | _a0273016326 | ||
| 050 | _aHF 5668.25 Cha | ||
| 100 | _aChambers, Andrew D | ||
| 245 | 1 | 0 | _aInternal auditing |
| 246 | _atheory and practice | ||
| 260 |
_aLondon _bPitman _c1981 |
||
| 300 | _axiii, 368 pages : illustrations | ||
| 350 | _a0.00 | ||
| 650 | 0 | _aACCOUNTING--HANDBOOKS, MANUALS, ETC | |
| 650 | _aAUDITING, INTERNAL | ||
| 995 |
_aANNEX COLLECTION (Main Library) _D0.00 _e708787 _FCBU-MAIN LIBRARY (Kitwe) _H3 _I12.95 _jHF 5668.25 Cha _M1 _UAVAILABLE _y006850 _ZAnnex Low-Usage Collection |
||
| 995 |
_aMAIN LIBRARY OPEN ACCESS _D0.00 _e726625 _FCBU-MAIN LIBRARY (Kitwe) _H1 _I12.95 _jHF 5668.25 Cha _M2 _UAVAILABLE _y006851 _ZMain Library Open Access Collection |
||
| 995 |
_aMAIN LIBRARY OPEN ACCESS _D0.00 _e726626 _FCBU-MAIN LIBRARY (Kitwe) _H2 _I12.95 _jHF 5668.25 Cha _M3 _UAVAILABLE _y006852 _ZMain Library Open Access Collection |
||
| 999 |
_c77506 _d77506 |
||